Canad ̀y la seguridad internacional

Detalles Bibliográficos
Autor principal: Rodrg̕uez Morales, Federman Antonio
Formato: eBook
Lenguaje:español
Publicado: Bogot:̀ Editorial Universidad de Rosario (Colombia), 2017
Materias:
Acceso en línea:Acceso restringido

MARC

LEADER 00000nam a22000007a 4500
005 20180321232327.0
007 cr|||| ||||
008 180321s2017 co |||||s|||| 00||0 spa d
020 |a 978-958-738-816-9 
035 |a 21135 
040 |a vLex 
090 |c 7533  |d 7533 
100 1 |a Rodrg̕uez Morales, Federman Antonio 
245 1 0 |a Canad ̀y la seguridad internacional  |h [Recurso electrn̤ico] /  |c Federman Antonio Rodrg̕uez Morales 
256 |a Servicio en ln̕ea 
260 |a Bogot:̀  |b Editorial Universidad de Rosario (Colombia),  |c 2017 
300 |a 1 recurso electrn̤ico 
506 1 |a Disponible solo en los productos indicados  |d vLex Global  |d vLex Global (Academic Edition, excluding Law Schools)  |d vLex Global (U.S. Academic Edition, Law Schools)  |d vLex Global (U.S. Academic Edition, excluding Law Schools)  |d vLex Global (Academic Edition, Law Schools) 
650 0 4 |a Derecho Internacional  |z Colombia 
740 0 |a vLex Libros (Servicio en ln̕ea) 
856 4 0 |u http://vlex.com/source/canada-seguridad-internacional-21135  |z Acceso restringido 
942 |c BOOK 
999 0 |a International right